| 000 | 01008cam a2200301 a 4500 | ||
|---|---|---|---|
| 001 | 556460 | ||
| 003 | OSt | ||
| 005 | 20170105113104.0 | ||
| 008 | 890203t19871966enka 001 0 eng | ||
| 010 | _a 88182078 | ||
| 020 | _a0470210753 | ||
| 040 |
_aDLC _cDLC _dDLC |
||
| 050 | 0 | 0 |
_aTJ255 _b.J6 1987 |
| 082 | 0 | 0 |
_a621.4021 _219 |
| 100 | 1 | _aJoel, Rayner. | |
| 245 | 1 | 0 |
_aBasic engineering thermodynamics / _cRayner Joel. |
| 250 | _a5th | ||
| 260 |
_aHarlow, Essex, England : _bLongman Scientific & Technical ; _aSomerset, N.J. : _bJ. Wiley, Eastern Distribution Center, _c2013. |
||
| 300 |
_axii, 803 p. : _bill. ; _c22 cm. |
||
| 500 | _aRev. ed. of: Basic engineering thermodynamics in SI units. 3rd ed. 1971. | ||
| 500 | _aDistributor from label on t.p. | ||
| 500 | _aIncludes index. | ||
| 650 | 0 | _aHeat-engines. | |
| 650 | 0 | _aThermodynamics. | |
| 700 | 1 |
_aJoel, Rayner. _tBasic engineering thermodynamics in SI units. |
|
| 906 |
_a7 _bcbc _corignew _d3 _encip _f19 _gy-gencatlg |
||
| 942 |
_2ddc _cBK |
||
| 999 |
_c33212 _d33212 |
||